A textbook of physical chemistry (Record no. 34829)
[ view plain ]
| 000 -LEADER | |
|---|---|
| fixed length control field | 007530000a22002650004500 |
| 082 ## - DEWEY DECIMAL CLASSIFICATION NUMBER | |
| Classification number | 541.3 |
| Item number | K141t |
| 020 ## - INTERNATIONAL STANDARD BOOK NUMBER | |
| International Standard Book Number | 0333-90337-4 |
| 041 ## - LANGUAGE CODE | |
| Language code of text/sound track or separate title | Eng |
| 100 ## - MAIN ENTRY--PERSONAL NAME | |
| Personal name | Kapoor, K. L. |
| 245 ## - TITLE STATEMENT | |
| Title | A textbook of physical chemistry |
| 250 ## - EDITION STATEMENT | |
| Edition statement | 2nd edn. |
| 260 ## - PUBLICATION, DISTRIBUTION, ETC. (IMPRINT) | |
| Place of publication, distribution, etc | Delhi |
| Name of publisher, distributor, etc | Macmillan India, India |
| 260 ## - PUBLICATION, DISTRIBUTION, ETC. (IMPRINT) | |
| Date of publication, distribution, etc | 1987 |
| 300 ## - PHYSICAL DESCRIPTION | |
| Extent | xi, 428p. |
| Other physical details | illus. |
| 505 ## - FORMATTED CONTENTS NOTE | |
| Formatted contents note | v.1 states of matter and Ions in solution, v.2 Thermodynamics and chemical equilbruim, v.3 applications of thermodyamics, v.4 Quantum chemistry and dynamics of chemical reactions |
| 518 ## - DATE/TIME AND PLACE OF AN EVENT NOTE | |
| Date/time and place of an event note | 20050925 |
| 530 ## - ADDITIONAL PHYSICAL FORM AVAILABLE NOTE | |
| Additional physical form available note | M |
| 650 ## - SUBJECT ADDED ENTRY--TOPICAL TERM | |
| Topical term or geographic name as entry element | Physical chemistry |
| 650 ## - SUBJECT ADDED ENTRY--TOPICAL TERM | |
| Topical term or geographic name as entry element | Molecular force |
| 650 ## - SUBJECT ADDED ENTRY--TOPICAL TERM | |
| Topical term or geographic name as entry element | Heat |
| 650 ## - SUBJECT ADDED ENTRY--TOPICAL TERM | |
| Topical term or geographic name as entry element | Energy |
| 650 ## - SUBJECT ADDED ENTRY--TOPICAL TERM | |
| Topical term or geographic name as entry element | Water |
| 650 ## - SUBJECT ADDED ENTRY--TOPICAL TERM | |
| Topical term or geographic name as entry element | Liquids |
| 942 ## - ADDED ENTRY ELEMENTS (KOHA) | |
| Koha item type | General Collections |
| Withdrawn status | Lost status | Source of classification or shelving scheme | Damaged status | Not for loan | Home library | Current library | Shelving location | Date acquired | Total Checkouts | Full call number | Barcode | Date last seen | Price effective from | Koha item type | Total Renewals | Date checked out |
|---|---|---|---|---|---|---|---|---|---|---|---|---|---|---|---|---|
| Dewey Decimal Classification | Tribhuvan University Central Library | Tribhuvan University Central Library | New Building | 06/20/2010 | 541.3 K141t | 128693v.1 | 06/20/2010 | 06/20/2010 | General Collections | |||||||
| Dewey Decimal Classification | Tribhuvan University Central Library | Tribhuvan University Central Library | 08/24/2011 | 1 | 541.3 K141t | 125773 | 07/12/2017 | 08/24/2011 | General Collections | 5 | 03/28/2017 |
